Quantum structures 2009 : abstracts of the international conference, Kočovce, February 24-27, 2009 /

Uloženo v:
Podrobná bibliografie
Hlavní autoři: Kalina, Martin 1974- (Autor), Nánásiová, Oľga (Autor), Valášková, Ľubica 1961- (Autor)
Médium: Kniha
Jazyk:angličtina
Vydáno: Bratislava : Slovak University of Technology in Bratislava, 2009
Témata:
ISBN:9788022731751
On-line přístup: Získat plný text
Tagy: Přidat tag
Žádné tagy, Buďte první, kdo vytvoří štítek k tomuto záznamu!

MARC

LEADER 00000nam a2200000 4500
003 SK-BrCVT
005 20220621163137.0
008 100616s2009 xo e ||||||eng d
020 |a 9788022731751  |c 3,46 
035 |a CVTIDW0001096 
040 |b slo  |a CVTI SR  |e AACR2 
041 0 |a eng 
044 |a xo 
080 |a 530.145  |2 UDC-MRF 
080 |a 51  |2 UDC-MRF 
100 1 |a Kalina, Martin  |4 aut  |d 1974- 
245 1 0 |a Quantum structures 2009 :  |b abstracts of the international conference, Kočovce, February 24-27, 2009 /  |c authors: Martin Kalina, Oľga Nánásiová, Ľubica Valášková ... [et al.]  |h [elektronický zdroj] 
260 |a Bratislava :  |b Slovak University of Technology in Bratislava,  |c 2009 
300 |a 1 CD-ROM 
500 |a Union of Slovak mathematicians and physicists 
653 1 |a kvantová štruktúra 
653 1 |a kvantová logika 
653 1 |a Hilbertov priestor 
653 1 |a algebra 
655 4 |a kompaktné disky (CD) 
700 1 |a Nánásiová, Oľga  |4 aut 
700 1 |a Valášková, Ľubica  |d 1961-,  |4 aut 
910 |b Z000578 
919 |a 978-80-227-3175-1 
974 |a katarina.repata  |f Knihy 
992 |a JDC 
992 |a AZN 
999 |c 154827  |d 154827